| 000 | 00456pab a2200169 454500 | ||
|---|---|---|---|
| 008 | 180718b2006 xxu||||| |||| 00| 0 eng d | ||
| 100 | _aKaur, Manjot | ||
| 245 | _aCaste, occupational changes and social mobility: a case study of Thathiars | ||
| 260 | _c2006 | ||
| 300 | _ap.95-112. | ||
| 362 | _aOct | ||
| 650 | _aCaste | ||
| 650 | _aSocial mobility | ||
| 650 | _aOccupational mobility | ||
| 773 | _aGuru Nanak Journal of Sociology | ||
| 909 | _a72445 | ||
| 999 |
_c72445 _d72445 |
||